| 000 | 00711nab#a2200217#c#4500 | ||
|---|---|---|---|
| 999 |
_c53294 _d53294 |
||
| 003 | IEF | ||
| 005 | 20191205105700.0 | ||
| 008 | 950704s1976 uuu|| #####0 b| |u | ||
| 040 |
_aIEF _cES-MaIEF |
||
| 100 | 1 |
_aSoto Guinda, Joaquín _941938 |
|
| 245 |
_aEl impuesto sobre la renta tipo consumo _buna reciente formulación del impuesto sobre el gasto personal _c Joaquín Soto Guinda |
||
| 260 | _c1976 | ||
| 500 | _aBibliografía;conclusiones | ||
| 650 | 4 |
_aIMPUESTO SOBRE LA RENTA DE LAS PERSONAS FISICAS _950199 |
|
| 650 | 4 |
_aIMPUESTO SOBRE EL CONSUMO _946322 |
|
| 650 | 4 |
_aESTUDIOS _943582 |
|
| 773 | 0 |
_tHacienda pública española _w34570 _g40, p. 39-51 |
|
| 942 | _2udc | ||
| 942 | _2udc | ||